Introducción a la literatura alemana / (Record no. 398)

000 -CABECERA
fixed length control field 00854nam a22002177a 4500
003 - IDENTIFICADOR DEL NÚMERO DE CONTROL
control field AR-CdUCM
008 - DATOS DE LONGITUD FIJA--INFORMACIÓN GENERAL
fixed length control field 190223b ||||| |||| 00| 0 spa d
040 ## - FUENTE DE LA CATALOGACIÓN
Agencia/entidad que catalogó originalmente la obra MUNICIPALIDAD PROVINCIAL DEL CUSCO
Entidad que transcribió la catalogación BIBLIOTECA MUNICIPAL DEL CUSCO
082 ## - NÚMERO DE LA CLASIFICACIÓN DECIMAL DEWEY
No. de Clasificación 830.4 /
Notacion interna H41.
100 ## - ENTRADA PRINCIPAL--NOMBRE DE PERSONA
Nombre Personal De Goethe, a Thomas Mann
245 ## - MENCIÓN DE TÍTULO
Título Introducción a la literatura alemana /
Mención de responsabilidad De Goethe, a Thomas Mann
260 ## - PUBLICACIÓN, DISTRIBUCIÓN, ETC.
Lugar de publicación, distribución, etc. Lima :
Nombre de la editorial, distribuidor, etc. Universidad Peruana Cayetano Heredia
Fecha de publicación, distribución, etc. 1977.
300 ## - DESCRIPCIÓN FÍSICA
Nº de Páginas Extensión 235 paginas ;
Otros detalles físicos il,
Dimensiones 25cm.
505 ## - NOTA DE CONTENIDO CON FORMATO
Nota de contenido formateada Goethe y el fausto -- Reflexiones sobre schiller -- Novalis -- La poesía como meditación -- Las relaciones entre la literatura peruana y alemana....
650 ## - PUNTO DE ACCESO ADICIONAL DE MATERIA--TÉRMINO DE MATERIA
Descriptor Literatura Peruana
9 (RLIN) 441
650 ## - PUNTO DE ACCESO ADICIONAL DE MATERIA--TÉRMINO DE MATERIA
Descriptor Literatura Alemana
9 (RLIN) 93
650 ## - PUNTO DE ACCESO ADICIONAL DE MATERIA--TÉRMINO DE MATERIA
Descriptor Poesia
9 (RLIN) 1598
700 ## - PUNTO DE ACCESO ADICIONAL--NOMBRE DE PERSONA
Nombre Personal Sobrevilla, David
9 (RLIN) 1599
942 ## - ELEMENTOS DE PUNTO DE ACCESO ADICIONAL (KOHA)
Fuente de clasificación
Tipo de item Libros-BMC
945 ## - PROCESAMIENTO DE INFORMACIÓN LOCAL (OCLC)
Catalogador pjha
AAAA-MM-DD - Fecha de ingreso o modificacion 2019-02-23
Holdings
Estado de retiro (separado) Fuente de clasificación o esquema de estanterías Estado dañado Ubicación Sala donde se ubica Nombre de la colección Fecha de adquisición o compra Costo, precio normal en soles Signatura topográfica Código de Barras Última vez visto (Koha) Tipo de ítem (Koha)
No     Sala Humanidades Sala Humanidades Book Cart 2019-02-23 30.00 830.4 / H41 SH0000000399 2019-02-23 Libros-BMC
No     Sala Humanidades Sala Humanidades Book Cart 2019-02-23 30.00 830.4 / H41 / e.2 SH0000000561 2019-02-23 Libros-BMC

Powered by Koha